| 000 | 00556nam a22002057a 4500 | ||
|---|---|---|---|
| 003 | OSt | ||
| 005 | 20140310181757.0 | ||
| 008 | 130701t xxu||||| |||| 00| 0 eng d | ||
| 020 | _a9716098405 | ||
| 050 |
_aGR 325 _b.T266 2009 |
||
| 082 |
_aFIL 398.2 _bT22 2009 |
||
| 100 | _aTejido, Jose Miguel | ||
| 245 |
_aAng pambihirang sombrero / _cJose Miguel Tejido. |
||
| 260 |
_aQuezon City : _bAdarna House, _c2009. |
||
| 300 |
_a28 p. : _bill. col. ; _c23 cm. : |
||
| 520 | _a1. Folk literature | ||
| 562 | _e1 | ||
| 942 |
_2lcc _cBK _kFIL |
||
| 999 |
_c3475 _d3475 |
||